Current MLB players by nickname - Statistics

General Stats
  • This quiz has been taken 21 times
  • The average score is 9 of 18
Answer Stats
Nickname Player % Correct
ShoTime Shohei Ohtani
94%
J-Rod Julio Rodriguez
88%
Schwarbomb Kyle Schwarber
88%
Big Dumper Cal Raleigh
81%
Polar Bear Pete Alonso
81%
All Rise Aaron Judge
75%
Snellzilla Blake Snell
75%
Holy Sheets Gavin Sheets
75%
El Niño Fernando Tatis Jr.
38%
Mr. Smile Francisco Lindor
38%
El Mago Javier Baez
38%
The Reaper Mason Miller
25%
Bobtimus Prime Bobby Witt Jr.
19%
The Showman Bryce Harper
19%
La Cocoa Elly De La Cruz
19%
The Squirrel Jeff McNeil
19%
Childish Bambino Juan Soto
19%
El Ministro Manny Machado
13%
No matching quizzes found
Score Distribution
Percent of People with Each Score
Percentile by Number Answered
Your Score History
You have not taken this quiz